One Of The Girls - The Weeknd, JENNIE & Lily-Rose Depp - All Lyrics - Statistics

General Stats
  • This quiz has been taken 207 times
  • The average score is 317 of 376
Answer Stats
Answer % Correct
I
99%
me
99%
out
99%
the
99%
to
98%
a
97%
be
97%
of
97%
you
97%
You
97%
and
96%
And
96%
oh
96%
(Oh)
96%
(Oh),
96%
on
96%
girls
95%
one
95%
one,
95%
your
95%
out
94%
when
93%
just
92%
no
92%
tonight
92%
tonight,
92%
(Tonight)
92%
wanna
92%
key
91%
throw
91%
up
91%
in
90%
love
90%
love,
90%
best
89%
don't
89%
Lock
89%
my
88%
My
88%
away
85%
get
84%
He
84%
We
84%
gotta
83%
how
83%
Give
80%
pass
80%
for
79%
it
79%
that
79%
not
78%
'til
78%
choke
77%
down
77%
down,
77%
kind
77%
knows
77%
life
77%
see
77%
that
74%
whole
74%
come
72%
I’m
72%
I'm
72%
tough
72%
can
70%
Push
70%
push
70%
Tell
70%
tell
70%
with
70%
hold
69%
force
68%
Force
68%
nothin'
68%
world
66%
world,
66%
you're
66%
Trade
65%
baby
64%
Leave
64%
control
62%
keep
62%
nobody
62%
break
60%
can't
60%
So
60%
inside
59%
secret
58%
submissive
58%
broke
56%
'Cause
56%
mouth
56%
skin
55%
Spit
55%
while
55%
say
54%
screamin'
54%
take
54%
feel
52%
loyal,
52%
now
52%
but
51%
own
51%
free
50%
is
50%
neck
50%
They
50%
never
48%
peace
48%
find
47%
This
47%
it's
46%
light
46%
pain
46%
still
46%
without
46%
Hands
45%
turn
45%
Top
44%
Until
44%
flinchin'
40%
gone,
40%
snuff
32%
Tear
30%
Waste
16%
1%
onе,
1%
No matching quizzes found
Score Distribution
Percent of People with Each Score
Percentile by Number Answered
Your Score History
You have not taken this quiz